000 00389nam a2200145Ia 4500
008 230519s9999 xx 000 0 und d
020 _a978-93-81390-56-6
041 _aeng
082 _aPS/610.7365/GUP/DB0124
100 _aGupta Ram
245 _aExamination Master in Mental Health Nursing
260 _bS Vikas and Co
_aJalandhar
_c2012
300 _a263p
999 _c158948
_d158948